Statystyki dla Największe państwa Świata

Kliknij tutaj aby rozwiązać quiz!

Ogólne statystyki

  • Ten quiz został rozwiązany 41 razy
  • Średni wynik to 8 z 10

Statystyki odpowiedzi

km2Państwa% Poprawnych
17.098.242Rosja
100%
9.596.961Chiny
97%
9.826.675Stany Zjednoczone
97%
9.984.670Kanada
94%
7.741.220Australia
86%
8.514.877Brazylia
86%
3.287.263Indie
86%
2.780.400Argentyna
77%
2.724.900Kazachstan
63%
2.381.741Algieria
60%

Rozkład punktacji

Percentyl według liczby udzielonych odpowiedzi

Procent ludzi z każdym wynikiem

Twoja historia wyników

Nie rozwiązałeś tego quizu